Zerbrechlichste Staaten, die nicht in Afrika sind - Statistiken

Allgemein
  • Dieses Quiz wurde 7.961 mal gespielt
  • Das Durchschnittsergebnis liegt bei 12 aus 20
Antwortstatistiken
Rang Punkte Land % Korrekt
6 106,6 Afghanistan
82%
27 91,4 Irak
82%
40 85,4 Iran
81%
5 107,1 Syrien
80%
37 87.0 Nordkorea
74%
33 89,9 Pakistan
74%
2 108,9 Jemen
70%
53 80,7 Russland
68%
18 95,9 Ukraine
68%
29 90,5 Venezuela
64%
25 91,8 Libanon
63%
12 100,2 Myanmar
61%
41 85,2 Bangladesch
58%
10 102,9 Haiti
51%
55 80,2 Nepal
48%
52 81,2 Türkei
47%
54 80,3 Kambodscha
45%
56 79,6 Honduras
38%
30 90,3 Sri Lanka
38%
56 79,6 Salomonen
7%
Keine übereinstimmenden Quizze gefunden
Verteilung der Resultate
Anzahl Personen mit jedem Resultat
Perzentil nach korrekt beantworteten Fragen
Ihre Resultats-Entwicklung
Sie haben dieses Quiz noch nicht gespielt